Planned Writing : A Course for Secondary Schools : Writing, Book 4 /

محفوظ في:
التفاصيل البيبلوغرافية
المؤلف الرئيسي: Kammer, Michael P. (autor)
مؤلفون آخرون: Diebold, Wilburn A. (autor) (autor)
التنسيق: كتاب
اللغة:الإنجليزية
منشور في: Chicago, EUA : Loyola University Chicago, 1955, c1955
الوسوم: إضافة وسم
لا توجد وسوم, كن أول من يضع وسما على هذه التسجيلة!

MARC

LEADER 00000nam^a2200000^a^4500
001 000624353
005 20251114000000.0
009 20260310133955.561
037 |a Acervo ITESO - Biblioteca 
041 |a ING 
091 |a FOB. 02936 
100 |a Kammer, Michael P.  |e (autor) 
245 1 0 |a Planned Writing :  |b A Course for Secondary Schools : Writing, Book 4 / 
264 4 |a Chicago, EUA :  |b Loyola University Chicago,  |c 1955, c1955 
300 |a XII, 292 p. 
336 |a texto  |b txt  |2 rdacontenido 
337 |a sin mediación  |b n  |2 rdamedio 
338 |a volumen  |b nc  |2 rdasoporte 
649 |a XX 
700 |a Diebold, Wilburn A.  |e (autor) 
910 |a Fondo Carlos de Obeso Orendain 
920 |a Impresos - Libros 
930 |a Fondos Especiales 
905 |a 147 
901 |a 624353-10  |b IT2  |c ESP  |i D84757  |u 20251114 
902 |a https://opac.biblio.iteso.mx/vufind/Record/000624353